Crop Adaptation to Elevated CO2 and Temperature (Record no. 29216)

MARC details
000 -LEADER
fixed length control field 01413nam a2200133Ia 4500
008 - FIXED-LENGTH DATA ELEMENTS--GENERAL INFORMATION
fixed length control field 220620s9999||||xx |||||||||||||| ||und||
020 ## - INTERNATIONAL STANDARD BOOK NUMBER
International Standard Book Number 9783040000000
245 #0 - TITLE STATEMENT
Title Crop Adaptation to Elevated CO2 and Temperature
546 ## - LANGUAGE NOTE
Language note English[eng]
650 ## - SUBJECT ADDED ENTRY--TOPICAL TERM
Topical term or geographic name entry element adaptation||breeding||CO2||CWR||seed yield||goji berry||sugar metabolism||elevated CO2||functional domain||gene cloning and expression||Lens culinaris||climate change adaptation||root development||root depth distribution||climate change||heat stress||nitrogen assimilation||nitrogen metabolism||nitrogen uptake||Solanum||tomato||warming||Solanum tuberosum||tuber||sink organ||ambient temperature||cell proliferation||grain quality||cereals||yield and quality||high [CO2]||predicted future climate||high temperature||grain quality traits||drought stress||Genovese cultivar||photosynthesis||stomatal conductance||chlorophyll||carotenoids||antioxidant defense metabolites||early growth stage||ethylene||IAA conjugates||indole-3-acetic acid||invasiveness||lupine seedlings||simulated conditions||warming simulation||grain yield||biomass||bread wheat||genotypes||barley||CO2 enrichment||Hordeum vulgare L.||water-use efficiency||yield||gravitropic angle of curvature||initial root||lateral root number||primary root||root system architecture||simulated warming||n/a
700 ## - ADDED ENTRY--PERSONAL NAME
Personal name Bunce, James
856 ## - ELECTRONIC LOCATION AND ACCESS
Uniform Resource Identifier <a href="https://mdpi.com/books/pdfview/book/5105">https://mdpi.com/books/pdfview/book/5105</a>
942 ## - ADDED ENTRY ELEMENTS (KOHA)
Koha item type E-Books
Holdings
Withdrawn status Lost status Damaged status Not for loan Home library Current library Date acquired Total Checkouts Date last seen Price effective from Koha item type
        Kerala University of Digital Sciences, Innovation and Technology Knowledge Centre Kerala University of Digital Sciences, Innovation and Technology Knowledge Centre 20/06/2022   20/06/2022 20/06/2022 E-Books